Regions To Countries #5 - Statistics

General Stats
  • This quiz has been taken 151 times
  • The average score is 12 of 16
Answer Stats
Region Country % Correct
Amazonas Brazil
99%
Inner Mongolia China
98%
Louisiana United States
97%
Îsle of Man United Kingdom
92%
Manitoba Canada
88%
Lower Saxony Germany
88%
Gujarat India
88%
North Island New Zealand
88%
Zealand Denmark
74%
Mayotte France
71%
Port Saïd Egypt
69%
Kerala India
59%
Sinaloa Mexico
48%
Limpopo South Africa
44%
Katanga DR Congo
38%
Molise Italy
35%
No matching quizzes found
Score Distribution
Percent of People with Each Score
Percentile by Number Answered
Your Score History
You have not taken this quiz